CVaR optimalizácia a využitie procedúry prevzorkovania

Aplikácia procedúry prevzorkovania (resampling) v rámci procesu optimalizácie modelov výberu portfólia. Procedúra využívajúca generovanie dát z viacrozmerného GLD rozdelenia. Prezentácia výsledkov experimentu.

Enregistré dans:
Détails bibliographiques
Auteur principal: Pčolár, Mário, 1995-
Format: Chapitre de livre
Langue:slovaque
Sujets:
Tags: Ajouter un tag
Pas de tags, Soyez le premier à ajouter un tag!

MARC

LEADER 00000naa$a2200000$$$4500
001 0280359
005 20240502074342.8
041 0 |a slo 
044 |a SK 
245 1 0 |a CVaR optimalizácia a využitie procedúry prevzorkovania  |c Mário Pčolár 
520 |a Aplikácia procedúry prevzorkovania (resampling) v rámci procesu optimalizácie modelov výberu portfólia. Procedúra využívajúca generovanie dát z viacrozmerného GLD rozdelenia. Prezentácia výsledkov experimentu. 
610 2 0 |a dáta 
610 2 0 |a modely 
610 2 0 |a optimalizácia 
100 1 |a Pčolár, Mário, 1995-